Fundamentals of light microscopy / (Record no. 17465)

MARC details
000 -LEADER
fixed length control field 00928aam a2200265 i 4500
001 - CONTROL NUMBER
control field 009076907
003 - CONTROL NUMBER IDENTIFIER
control field EG-ScBUE
005 - DATE AND TIME OF LATEST TRANSACTION
control field 20240901113419.0
008 - FIXED-LENGTH DATA ELEMENTS--GENERAL INFORMATION
fixed length control field 821122s1982 enka f b 001 0 eng d
020 ## - INTERNATIONAL STANDARD BOOK NUMBER
International Standard Book Number 9780521289672
040 ## - CATALOGING SOURCE
Original cataloging agency EG-ScBUE
Language of cataloging eng
Description conventions rda
Transcribing agency EG-ScBUE
Modifying agency EG-ScBUE
082 04 - DEWEY DECIMAL CLASSIFICATION NUMBER
Classification number 502.82
Edition number 22
Item number SPE
100 1# - MAIN ENTRY--PERSONAL NAME
Personal name Spencer, Michael,
Dates associated with a name 1931-
Relator term author.
9 (RLIN) 33192
245 10 - TITLE STATEMENT
Title Fundamentals of light microscopy /
Statement of responsibility, etc Michael Spencer, Department of Biophysics, University of London, King's College.
264 #1 - PUBLICATION, DISTRIBUTION, ETC. (IMPRINT)
Place of publication, distribution, etc Cambridge :
Name of publisher, distributor, etc Cambridge University Press,
Date of publication, distribution, etc 1982.
300 ## - PHYSICAL DESCRIPTION
Extent x, 93 pages :
Other physical details illustrations ;
Dimensions 24 cm.
336 ## - CONTENT TYPE
Source rdacontent
Content type term text
Content type code txt
337 ## - MEDIA TYPE
Media type term unmediated
Source rdamedia
Media type code n
338 ## - CARRIER TYPE
Carrier type term volume
Carrier type code nc
Source rdacarrier
490 0# - SERIES STATEMENT
Series statement IUPAB biophysics series ;
Volume number/sequential designation 6
504 ## - BIBLIOGRAPHY, ETC. NOTE
Bibliography, etc Includes bibliographical references and index.<br/>
650 #7 - SUBJECT ADDED ENTRY--TOPICAL TERM
Topical term or geographic name as entry element Microscopy.
Source of heading or term BUEsh
9 (RLIN) 33193
655 ## - INDEX TERM--GENRE/FORM
Form subdivision Reading book
942 ## - ADDED ENTRY ELEMENTS (KOHA)
Source of classification or shelving scheme Dewey Decimal Classification
Koha item type Book - Borrowing
Holdings
Withdrawn status Lost status Source of classification or shelving scheme Damaged status Not for loan Collection code Home library Current library Shelving location Date acquired Source of acquisition Cost, normal purchase price Serial Enumeration / chronology Total Checkouts Total Renewals Full call number Barcode Date last seen Date checked out Cost, replacement price Price effective from Koha item type
    Dewey Decimal Classification     Baccah Central Library Central Library First floor 15/05/2013 Purchase 240.00 17733 3 3 502.82 SPE 000028735 15/07/2025 18/12/2022 300.00 15/05/2013 Book - Borrowing